| 000 | 00571cam a2200193ua 4500 | ||
|---|---|---|---|
| 001 | 9911 | ||
| 008 | 161012n ii |||gr||||Z||||||eng | ||
| 020 | _a9789384206017 | ||
| 040 | _cMAIN | ||
| 041 | _aeng | ||
| 082 | _a378.5416 | ||
| 100 |
_aDuarah, Niharika, _eEditor. |
||
| 245 |
_aProceeding volume on higher education in North East India: challenges and prospects _cEd. by Niharika Duarah & Rupon Basumatary |
||
| 260 |
_aSibsagar: _bAmguri college, _c2015. |
||
| 300 | _a152p. | ||
| 653 | _aHigher education | ||
| 700 |
_aBasumatary, Rupon, _eEditor. |
||
| 942 | _cBK | ||
| 999 |
_c8920 _d8920 |
||